| 000 | 00480nam a22001457a 4500 | ||
|---|---|---|---|
| 003 | macl | ||
| 005 | 20180422173719.0 | ||
| 008 | 180422b xxu||||| |||| 00| 0 eng d | ||
| 040 | _cmacl | ||
| 100 |
_aडॉ. प्रेम भारती _971654 |
||
| 245 | _aयोग एक कल्पवृक्ष | ||
| 260 |
_aइलाहाबाद _bसाक्षर प्रकाशन _c2016 |
||
| 650 |
_aदर्शनशास्त्र _947739 |
||
| 942 |
_2ddc _cHIN |
||
| 999 |
_c57908 _d57908 |
||